| 000 | 00456nam a2200145 i 4500 | ||
|---|---|---|---|
| 001 | 79725 | ||
| 003 | ES-MaACL | ||
| 007 | t| | ||
| 008 | 041022s1966 sp ||||1| spa d | ||
| 100 | 1 |
_aHerreras, Domiciano. _963254 |
|
| 245 | 1 | 0 |
_aFuentes españolas de "La escuela de los maridos" de Molière / _cDomiciliano Herreras. |
| 260 |
_aMálaga : _b[s.n.], _c1966 ( _fGráficas San Andrés) |
||
| 300 |
_a91 p. ; _c22 cm. |
||
| 852 |
_aES-MaACL _jG-15740 _bR.62168 |
||
| 999 |
_c79725 _d79725 |
||